000 00858nam a2200253Ia 4500
003 OSt
005 20220918171229.0
006 a|||||r|||| 00| 0
007 ta
008 220917b |||||||| |||| 00| 0 eng d
020 _a9781441120816 (hbk)
_c6479.85
024 _a283,198
037 _b42743, 22/12/2014, Segment Book Distributors
_cTextual
040 _aARTS
_cARTS
_beng
041 _2eng
_aeng
082 _aR4941, Q3
100 _aAbbinnett Ross
_921382
245 0 _aPolitics of happiness
_b Connecting the philosophical ideas of Hegel, Nietzsche and Derrida to the political ideologies of happiness
260 _aNew York
_bBloomsbury USA
_c2013
300 _a195p.
_ccm.
650 _aPHILOSOPHY
942 _hR4941, Q3
_cTEXL
_2CC
999 _c138477
_d138477